000 00523nam a22001457a 4500
003 MACL
005 20190706121205.0
008 190705b xxu||||| |||| 00| 0 eng d
040 _cMACL
100 _aशर्मा,डॉ. चन्‍द्रपाल
_975808
245 _aभारतीय संस्‍कृति और मूल अंक
260 _aनई दिल्‍ली
_bराज पब्लिकेशन्‍स
_c2018
650 _aभारतीय धर्म
_965334
942 _2ddc
_cHIN
999 _c60441
_d60441